000 01150cam a2200349 i 4500
001 17711044
003 OSt
005 20170105101205.0
008 130425s2013 pk b 000 0 eng
010 _a 2013344518
020 _z09789699557101
025 _aP-E-2013344518; 28
040 _aDLC
_beng
_cDLC
_erda
042 _alcode
_apcc
043 _aa-pk---
_aa-ii---
050 0 0 _aDS383.5.I5
_bK43 2013
100 1 _aK̲h̲ālid, Iram.
245 1 0 _aPakistan-India conflicts :
_ban application of crises decision making /
_cby, Dr. Iram Khalid.
250 _aFirst edition.
260 _aLahore
_bPeace publications
_c2013
300 _axi, 380 pages ;
_c25 cm
504 _aIncludes bibliographical references (pages 269-297).
650 0 _aConflict management
_zPakistan.
650 0 _aConflict management
_zIndia.
651 0 _aPakistan
_xForeign relations
_zIndia.
651 0 _aIndia
_xForeign relations
_zPakistan.
651 0 _aPakistan
_xPolitics and government.
651 0 _aIndia
_xPolitics and government.
906 _a7
_bcbc
_corigode
_d3
_encip
_f20
_gy-gencatlg
942 _2ddc
_cBK
999 _c2979
_d2979